Score 0/16 Timer 03:00
1 Play Today
Question Answer Wrong Answers
Which one of these films stars Johnny Depp? Edward Scissorhands
96.3%
The Life Aquatic with Steve Zissou
0.7%
Home Alone
0.3%
Coraline
1.1%
Which one of these films stars Johnny Depp? Charlie and the Chocolate Factory
96%
Planet of the Apes
0.6%
What Planet Are You From?
1.2%
The Matrix
0.6%
Which one of these films stars Johnny Depp? Alice in Wonderland
94.4%
State of Play
2.6%
The Shawshank Redemption
0.7%
Speed
0.7%
Which one of these films stars Johnny Depp? Sleepy Hollow
92.9%
In the Name of the King: A Dungeon Siege Tale
2.8%
Ted 2
0.6%
Ghost Rider
2.1%
Which one of these films stars Johnny Depp? The Lone Ranger
89.8%
Silkwood
5.8%
Lawrence of Arabia
2.1%
Hulk
0.7%
Which one of these films stars Johnny Depp? What's Eating Gilbert Grape
87.2%
Halloween
2.6%
Scream 2
1.4%
Big Fish
7.2%
Which one of these films stars Johnny Depp? Public Enemies
86.4%
Kung Fu Killer
3.3%
Hot Tub Time Machine
3.7%
Pee-Wee's Big Adventure
4.7%
Which one of these films stars Johnny Depp? Dark Shadows
80.4%
Kingdom of Heaven
4%
Zero Dark Thirty
2.7%
Interview with the Vampire
11.2%
Which one of these films stars Johnny Depp? Fear and Loathing in Las Vegas
79.4%
Three Kings
5.2%
The Homesman
11.4%
Mr. & Mrs. Smith
2.2%
Which one of these films stars Johnny Depp? Mortdecai
77.8%
In the Heart of the Sea
14.1%
Catch Me If You Can
4.3%
Pulp Fiction
2.1%
Which one of these films stars Johnny Depp? Chocolat
75.9%
Nine
9.3%
Punch-Drunk Love
7.3%
Mars Attacks!
5.9%
Which one of these films stars Johnny Depp? The Rum Diary
74.6%
Looney Tunes: Back in Action
1.7%
Weekend
6.3%
James and the Giant Peach
15.7%
Which one of these films stars Johnny Depp? Ed Wood
74.3%
Thelma & Louise
4.8%
Certified Copy
3.2%
Frankenweenie
16.1%
Which one of these films stars Johnny Depp? Donnie Brasco
73.4%
Crocodile Dundee in Los Angeles
1.6%
Batman
1%
The Nightmare Before Christmas
22.4%
Which one of these films stars Johnny Depp? The Ninth Gate
69.9%
Carlos
21.4%
The Passion of the Christ
3.2%
Batman Returns
3.7%
Which one of these films stars Johnny Depp? A Nightmare on Elm Street
61.1%
Almost Famous
8.8%
Knock Off
14.9%
Beetlejuice
13.6%

You're not logged in!

Compare scores with friends on all Sporcle quizzes.
OR
Log In

Sporcle TV

Today on Sporcle TV


Watch our educational content, quiz creation guides, and fun videos on Sporcle TV.

Show Comments

Extras

Top Quizzes Today


Score Distribution

Paid Content

Your Account Isn't Verified!

In order to create a playlist on Sporcle, you need to verify the email address you used during registration. Go to your Sporcle Settings to finish the process.

Report this User

Report this user for behavior that violates our Community Guidelines.

Details: